| 000 | 00642nam a2200205Ia 4500 | ||
|---|---|---|---|
| 003 | GCL | ||
| 008 | 140319s9999 xx 000 0 ara d | ||
| 040 |
_aGCL / _cGCL |
||
| 082 | 0 | 4 |
_a891.6 _bل ق |
| 100 | 1 | _aلى , تشا و شو | |
| 245 | 1 | 0 |
_aقصص من الصيف فى الادب المعاصر / _cلى , تشا و شو |
| 700 | 1 | _aلطفى سوريال (ترجمة) | |
| 300 | _a165 ص | ||
| 490 | _a | ||
| 650 | 0 | 4 | _aالادب اليابانى |
| 650 | 0 | 4 | _aالقصص اليابانية |
| 650 | 0 | 4 | _aالادب اليابانى المترجم |
| 650 | 0 | 4 | _aالقصص اليابانية المترجمة |
| 942 |
_2ddc _cBK |
||
| 999 |
_c40440 _d40440 |
||